00426nam a2200169Ia 4500003000400000008004100004040001600045082001700061100001900078245004300097260005100140300001000191650001800201650001400219650001200233650001100245GCL140319s9999 xx 000 0 eng d aGCL / cGCL04a910.953bB T1 aBIDWELL, ROBIN10aTRAVELLES IN ARABIA / cBIDWELL, ROBIN a[S.N] : bGARNET PUBLISHINGG LIMITED ، c1994 a225 P04aUNITED STATES04aGEOGRAPHY04aTRAVELS04aTRAVEL